|
|
|
|
| LEADER |
00000cam a2200000 a 4500 |
| 001 |
UCH3013 |
| 003 |
CL-VaPUC |
| 008 |
090709e19900530VE |||||||||||||||||spa|d |
| 082 |
0 |
4 |
|a 306
|b COR
|2 21
|
| 110 |
2 |
|
|a Corporación Andina de Fomento
|e author
|9 538131
|
| 245 |
1 |
0 |
|a Espacios del Hombre
|
| 300 |
|
|
|a 307 p
|
| 942 |
|
|
|c BK
|
| 945 |
|
|
|d 20090709 00:00:00
|a dcastane
|
| 260 |
|
|
|a Caracas
|b Ex Libris
|c 1990
|
| 650 |
|
7 |
|a IDENTIDAD CULTURAL-AMERICA LATINA
|2 CL-VaPUC
|9 474305
|
| 651 |
|
0 |
|a Bolivia
|9 255454
|
| 651 |
|
0 |
|a Colombia
|9 256424
|
| 651 |
|
0 |
|a Ecuador
|9 258378
|
| 651 |
|
0 |
|a Perú
|9 256567
|
| 651 |
|
0 |
|a Venezuela
|9 254993
|
| 651 |
|
0 |
|a Santiago
|9 265444
|
| 583 |
|
|
|a last modification
|c 20140524 11:01:36
|k Rodrigo Vera
|
| 999 |
|
|
|c 334670
|d 334668
|
| 952 |
|
|
|0 0
|1 0
|4 0
|6 306_000000000000000_COR_1990
|7 0
|8 X
|9 423801
|a FDOBUD
|b FDOBUD
|d 2019-11-22
|i 456751K
|o 306 COR 1990
|p 456751K
|r 2019-11-22
|w 2019-11-22
|y BK_X
|k BUD
|